LEADER 01102nam a2200205 i 4500 001 000000224881 003 CaOOAMICUS 005 20220210112007.0 008 131113s1781 it u000 u ita u 013 $a203779 026 $ai-si i-i- o-e- lage (7) 1781 (R) 040 $aSeMil$bita 245 10$aTomo secondo. Contenente la seconda parte del Dritto della natura. 300 $a338, [2] p. 500 $aSegn.: A-V8 X10 773 0 $aBurlamaqui, Jean-Jacques <1694-1748>$tPrincipj del dritto della natura e delle genti di G.G. Burlamachi colla continuazione del Dritto della natura aggiunta nell'ultima edizione d'Yverdon. Tutto notabilmente accresciuto dal ... De Felice. Traduzione dal francese. Tomo 1. [-8.].$dIn Siena : si vendono da Luigi e Benedetto Bindi e da Francesco Rossi librarj e stampatori in Siena, 1780-1782.$g2$w()4353 850 $aSeMil 852 $aSeMil$W1$xVenegono$y1$m2R II 34 FA$j175227$B175227$CSeMilBibl$Z2$F185176 $8I 996 $6245$aTomo secondo. Contenente la seconda parte del Dritto della natura$9(OLS)http://semarc/title/322200 LEADER 00975nam a2200241 i 4500 001 000000046608 003 CaOOAMICUS 005 20120214000000.0 008 120214s1960 it u000 u ita u 013 $a17778 040 $aSeMil$bita 100 1 $aMeschler, Moritz.$0(OLS)http://semarc/name/10264 245 10$aGesł, il maestro /$cMaurizio Meschler S.J ; Prefazione di Giovanni Battista Andretta S. J. 260 $aMilano :$bSelecta,$c1960. 300 $a191 p. ;$c19 cm. 490 0 $aAscetica e mistica ;$v8 600 04$aGesł Cristo.$0(OLS)http://semarc/subject/712 700 1 $aAndretta, Giovanni Battista .$0(OLS)http://semarc/name/23180 830 0$aAscetica e mistica ;$v8.$0(OLS)http://semarc/title/17206 850 $aSeMil 852 $aSeMil$W1$xVenegono$y1$m2C II 123$j12763$B12763$CSeMilBibl$Z2$F12763 $81 996 $6245$aGesł, il maestro$9(OLS)http://semarc/title/69764 996 $6260$aMilano :$bSelecta$9(OLS)http://semarc/publisher/32023